In the Vision Of God:Part 1 (Record no. 355115)

MARC details
000 -LEADER
fixed length control field 003740000a22001690004500
005 - DATE AND TIME OF LATEST TRANSACTION
control field 20120302061850.0
040 ## - CATALOGING SOURCE
Original cataloging agency ENG
100 ## - MAIN ENTRY--PERSONAL NAME
Personal name Ramdas,Swami
245 ## - TITLE STATEMENT
Title In the Vision Of God:Part 1
250 ## - EDITION STATEMENT
Edition statement 2
260 ## - PUBLICATION, DISTRIBUTION, ETC. (IMPRINT)
Place of publication, distribution, etc Mumbai:Bharatiya Vidya Bhavan,1974.
300 ## - PHYSICAL DESCRIPTION
Extent 270p.
650 ## - SUBJECT ADDED ENTRY--TOPICAL TERM
Topical term or geographic name as entry element History
650 ## - SUBJECT ADDED ENTRY--TOPICAL TERM
Topical term or geographic name as entry element Biography
650 ## - SUBJECT ADDED ENTRY--TOPICAL TERM
Topical term or geographic name as entry element Ramdas Swami
942 ## - ADDED ENTRY ELEMENTS (KOHA)
Koha item type Book

No items available.